Statistiche per Regioni italiane da Ovest ad Est

Clicka qui per fare il quiz!

Statistiche generali

  • Questo quiz è stato fatto 23 volte
  • Il punteggio medio è 15 su 20

Statistiche sulle risposte

Longitudine punto regionale più ad OvestRegione% Corretto
7°29′41″ELiguria
100%
8°29′52″ELombardia
100%
6°37′36″EPiemonte
100%
8°07′51″ESardegna
100%
6°48′03″EValle d'Aosta
100%
9°11′53″EEmilia-Romagna
95%
9°41′12″EToscana
95%
11°26′58″ELazio
80%
10°22′54″ETrentino-Alto Adige
80%
11°53′31″EUmbria
80%
11°55′35″ESicilia
75%
10°37′23″EVeneto
75%
12°11′08″EMarche
65%
13°01′07″EAbruzzo
55%
12°19′15″EFriuli-Venezia Giulia
55%
13°45′44″ECampania
45%
14°56′03″EPuglia
45%
15°20′06″EBasilicata
40%
15°37′50″ECalabria
40%
13°56′28″EMolise
40%

Distribuzione punteggi

Percentile per numero di risposta

Percentuale di utenti per punteggio

I tuoi punteggi nel tempo

Non hai fatto questo quiz